[Event "Duna Kupa (Nõi Nyílt Bajnokság)"]
[Site "Budapest"]
[Date "2015.09.28"]
[Round "6.22"]
[White "Karacsonyi, Gellert"]
[Black "Fodor, Balazs"]
[Result "1/2-1/2"]
[WhiteElo "2055"]
[BlackElo "2057"]
[PlyCount "101"]
[EventDate "2015.09.23"]
[EventType "swiss"]
[EventRounds "9"]
[EventCountry "HUN"]

1. e4 c6 2. d4 g6 3. Nc3 Bg7 4. Nf3 Nf6 5. h3 d5 6. e5 Ne4 7. Nxe4 dxe4 8. Ng5
c5 9. c3 cxd4 10. cxd4 Nc6 11. Be3 O-O 12. Nxe4 Qa5+ 13. Qd2 Qxd2+ 14. Nxd2 Rd8
15. Nf3 Nb4 16. Kd2 Be6 17. a3 Nc6 18. Bd3 f6 19. exf6 Bxf6 20. Rhe1 Bd5 21.
Ke2 Bxf3+ 22. Kxf3 Bxd4 23. Bxd4 Nxd4+ 24. Kg3 Kf7 25. Rac1 Rac8 26. Rxc8 Rxc8
27. Re4 Nf5+ 28. Kf3 Kf6 29. Rc4 Rd8 30. Bxf5 gxf5 31. Rc7 Rd3+ 32. Ke2 Rb3 33.
Rc2 e5 34. Rd2 Kg5 35. Kd1 Kf4 36. Kc2 Rb6 37. Rd3 e4 38. g3+ Ke5 39. Rd7 h6
40. Rh7 a5 41. a4 Rc6+ 42. Kb3 b6 43. Re7+ Kd5 44. Rd7+ Rd6 45. Rxd6+ Kxd6 46.
Kc4 Ke5 47. Kc3 e3 48. f3 f4 49. g4 h5 50. Kd3 Kf6 51. Ke2 1/2-1/2

[Event "Duna Kupa (Nõi Nyílt Bajnokság)"]
[Site "Budapest"]
[Date "2015.09.28"]
[Round "6.23"]
[White "Csapo, Zoltan"]
[Black "Trajber, Csaba Dr"]
[Result "1-0"]
[WhiteElo "2005"]
[BlackElo "2031"]
[PlyCount "120"]
[EventDate "2015.09.23"]
[EventType "swiss"]
[EventRounds "9"]
[EventCountry "HUN"]

1. e4 c5 2. Nf3 d6 3. c3 Nf6 4. e5 dxe5 5. Nxe5 Nbd7 6. Qa4 e6 7. Be2 Bd6 8. d4
O-O 9. Bf4 Qc7 10. Na3 Bxe5 11. dxe5 Nxe5 12. Bg3 Qc6 13. Qxc6 Nxc6 14. Bd6 Rd8
15. Bxc5 b6 16. Be3 Nd5 17. Bg5 f6 18. Bd2 Bb7 19. O-O Rd7 20. Rfe1 Kf7 21. c4
Ndb4 22. Bc3 Nd3 23. Red1 Rad8 24. Bf3 Na5 25. Bxb7 Nxb7 26. Kf1 Nbc5 27. b3
Ne4 28. Be1 h5 29. f3 Nxe1 30. Rxd7+ Rxd7 31. Kxe1 Nc3 32. Nc2 e5 33. Nb4 a5
34. Nc2 g5 35. a3 e4 36. fxe4 Nxe4 37. Rd1 Re7 38. Kf1 h4 39. Rd5 Re5 40. Rxe5
fxe5 41. Ke2 Nc5 42. b4 axb4 43. axb4 Ne4 44. Ke3 Nd6 45. c5 bxc5 46. bxc5 Nf5+
47. Ke4 Ke6 48. Nb4 Ne7 49. Nd3 Nc6 50. h3 Kf6 51. Nf2 Ke6 52. Ng4 Nd4 53. Nxe5
Ne2 54. Nf3 Kf6 55. c6 Nc3+ 56. Kd4 Nb5+ 57. Kc5 Nc7 58. Kd6 Na6 59. Ne1 Kf5
60. Nd3 g4 1-0

[Event "Duna Kupa (Nõi Nyílt Bajnokság)"]
[Site "Budapest"]
[Date "2015.09.29"]
[Round "7.1"]
[White "Czebe, Attila"]
[Black "Nemeth, Zoltan"]
[Result "1-0"]
[WhiteElo "2439"]
[BlackElo "2296"]
[PlyCount "129"]
[EventDate "2015.09.23"]
[EventType "swiss"]
[EventRounds "9"]
[EventCountry "HUN"]

1. d4 Nf6 2. g3 d5 3. Bg2 c6 4. c4 g6 5. cxd5 cxd5 6. Nf3 Bg7 7. Ne5 O-O 8. O-O
Ne4 9. Nd2 Nxd2 10. Bxd2 Nd7 11. Qb3 Nxe5 12. dxe5 Bxe5 13. Bh6 Re8 14. Bxd5 e6
15. Bg2 Qe7 16. Rfd1 a5 17. Qb5 Bf6 18. Rd6 Bg7 19. Bxg7 Qxd6 20. Qxe8+ Kxg7
21. Rc1 Qf8 22. Qb5 Qd8 23. Rc3 Qd1+ 24. Bf1 Qd5 25. e4 Qxb5 26. Bxb5 e5 27.
Bc4 Bh3 28. Bd5 Rc8 29. Bxb7 Rxc3 30. bxc3 g5 31. f3 Be6 32. Bd5 Bc8 33. Kf2
Kf8 34. f4 f6 35. c4 Ke7 36. c5 h6 37. Kf3 Bd7 38. a3 Bc8 39. Bg8 Kd7 40. fxe5
fxe5 41. Kg4 Kc6+ 42. Kh5 Kxc5 43. Kxh6 g4 44. Kg5 Kd4 45. Bh7 Bb7 46. Bf5 Bxe4
47. Bxg4 Bd3 48. h4 e4 49. h5 e3 50. Kf6 Kc3 51. h6 a4 52. Bf3 Kb3 53. Ke5 Kxa3
54. Kd4 Bh7 55. Kxe3 Kb4 56. Kd4 a3 57. Bd5 Bc2 58. Ba2 Bh7 59. g4 Bc2 60. g5
Bh7 61. Ke5 Kc3 62. Kf6 Kb2 63. Bf7 Bc2 64. g6 Bb3 65. Bxb3 1-0

[Event "Duna Kupa (Nõi Nyílt Bajnokság)"]
[Site "Budapest"]
[Date "2015.09.29"]
[Round "7.2"]
[White "Szeberenyi, Adam"]
[Black "Almasi, Istvan"]
[Result "0-1"]
[WhiteElo "2378"]
[BlackElo "2409"]
[PlyCount "126"]
[EventDate "2015.09.23"]
[EventType "swiss"]
[EventRounds "9"]
[EventCountry "HUN"]

1. d4 Nf6 2. c4 e6 3. Nf3 b6 4. a3 Bb7 5. Nc3 g6 6. d5 Bg7 7. e4 O-O 8. Be2
exd5 9. exd5 c6 10. O-O cxd5 11. cxd5 Na6 12. Bg5 h6 13. Bh4 Nc7 14. Bc4 a6 15.
Re1 b5 16. Bb3 Nce8 17. Bg3 Qb6 18. Be5 Ng4 19. Bd4 Bxd4 20. Nxd4 Ngf6 21. Qd2
Kg7 22. Qe3 Qd6 23. Rad1 Nc7 24. Nc2 Rfe8 25. Qd4 Rxe1+ 26. Rxe1 Re8 27. Rxe8
Ncxe8 28. Ne3 Qe7 29. h3 d6 30. a4 bxa4 31. Bxa4 h5 32. Bxe8 Qxe8 33. Nc4 Qe7
34. Na5 Bc8 35. Nc6 Qe1+ 36. Kh2 g5 37. f3 Bf5 38. g4 hxg4 39. hxg4 Bg6 40. Nb8
Kh7 41. Kg2 Qc1 42. Nd1 Ne4 43. fxe4 Qc8 44. Nc6 Qxg4+ 45. Kf2 Bxe4 46. Ne3
Qf3+ 47. Ke1 g4 48. Nf1 g3 49. Nd2 Qh1+ 50. Ke2 Bg6 51. Nf3 Qg2+ 52. Ke3 Qf2+
53. Kf4 Bh5 54. Qd3+ Kg7 55. Qc3+ Kh7 56. Qd3+ Kg7 57. Qd4+ Kh7 58. Qe4+ Kg7
59. Ncd4 g2 60. Nf5+ Kg8 61. Nh6+ Kf8 62. Ng4 g1=Q 63. Nxf2 Qxf2 0-1

[Event "Duna Kupa (Nõi Nyílt Bajnokság)"]
[Site "Budapest"]
[Date "2015.09.29"]
[Round "7.3"]
[White "Hando, Vilmos"]
[Black "Aczel, Gergely"]
[Result "0-1"]
[WhiteElo "2332"]
[BlackElo "2494"]
[PlyCount "82"]
[EventDate "2015.09.23"]
[EventType "swiss"]
[EventRounds "9"]
[EventCountry "HUN"]

1. d4 Nf6 2. c4 e6 3. Nf3 d5 4. Nc3 Be7 5. Bf4 O-O 6. e3 Nbd7 7. c5 Nh5 8. Bd3
Nxf4 9. exf4 c6 10. O-O b6 11. b4 a5 12. a3 Ba6 13. Re1 Bf6 14. Qc2 Bxd3 15.
Qxd3 Ra7 16. Qc2 Qa8 17. Rab1 axb4 18. axb4 Ra3 19. Rb3 bxc5 20. bxc5 Rxb3 21.
Qxb3 Rb8 22. Qa2 Nxc5 23. Qxa8 Rxa8 24. Nxd5 cxd5 25. dxc5 Ra5 26. f5 Bc3 27.
Rb1 h6 28. c6 Rc5 29. Rb8+ Kh7 30. fxe6 fxe6 31. Rc8 Kg6 32. Kf1 Kf6 33. g4 Ke7
34. Ke2 Kd6 35. Kd3 Bf6 36. Nd4 Bxd4 37. Kxd4 Rc4+ 38. Ke3 Rxg4 39. f4 Rg6 40.
Kd4 Rf6 41. Rd8+ Kc7 0-1

[Event "Duna Kupa (Nõi Nyílt Bajnokság)"]
[Site "Budapest"]
[Date "2015.09.29"]
[Round "7.4"]
[White "Rudolf, Anna"]
[Black "Kantor, Gergely"]
[Result "0-1"]
[WhiteElo "2329"]
[BlackElo "2403"]
[PlyCount "100"]
[EventDate "2015.09.23"]
[EventType "swiss"]
[EventRounds "9"]
[EventCountry "HUN"]

1. Nf3 d5 2. g3 Nf6 3. Bg2 c6 4. d3 Bg4 5. h3 Bh5 6. O-O e6 7. Qe1 Be7 8. e4
O-O 9. Bf4 Nbd7 10. e5 Ne8 11. h4 Nc7 12. Nbd2 c5 13. c3 b5 14. d4 Rb8 15. a3
c4 16. Qe3 a5 17. Bh3 Bg6 18. g4 h6 19. h5 Bd3 20. Rfe1 b4 21. Rec1 bxc3 22.
bxc3 Rb2 23. g5 hxg5 24. Nxg5 a4 25. Qg3 Kh8 26. Kh1 Qe8 27. h6 g6 28. Ngf3 Bc2
29. Ne1 Bb3 30. Ng2 Nb5 31. Nb1 Bc2 32. Ne1 Bxb1 33. Rcxb1 Rb3 34. Rxb3 cxb3
35. Bc1 Qc8 36. Bb2 Nb6 37. Bf1 Nc4 38. Bxc4 Qxc4 39. Qf3 f6 40. Qg3 Kh7 41.
Nd3 g5 42. Nf4 fxe5 43. Nxe6 Rf5 44. Re1 e4 45. Qg4 Nd6 46. Ng7 Rxf2 47. Qe6
Qc8 48. Bc1 b2 49. Be3 Qxe6 50. Nxe6 Re2 0-1

[Event "Duna Kupa (Nõi Nyílt Bajnokság)"]
[Site "Budapest"]
[Date "2015.09.29"]
[Round "7.5"]
[White "Gara, Anita"]
[Black "Madl, Ildiko"]
[Result "1/2-1/2"]
[WhiteElo "2307"]
[BlackElo "2366"]
[PlyCount "24"]
[EventDate "2015.09.23"]
[EventType "swiss"]
[EventRounds "9"]
[EventCountry "HUN"]

1. e4 e5 2. Nf3 Nc6 3. Bb5 Nf6 4. O-O Nxe4 5. d4 Nd6 6. Bxc6 dxc6 7. dxe5 Nf5
8. Qxd8+ Kxd8 9. h3 h6 10. Rd1+ Ke8 11. Nc3 Be7 12. Ne2 Bd7 1/2-1/2

[Event "Duna Kupa (Nõi Nyílt Bajnokság)"]
[Site "Budapest"]
[Date "2015.09.29"]
[Round "7.6"]
[White "Kormos, Adam"]
[Black "Vajda, Szidonia"]
[Result "1/2-1/2"]
[WhiteElo "2116"]
[BlackElo "2352"]
[PlyCount "21"]
[EventDate "2015.09.23"]
[EventType "swiss"]
[EventRounds "9"]
[EventCountry "HUN"]

1. Nf3 d5 2. g3 Nf6 3. Bg2 c6 4. O-O Nbd7 5. c4 dxc4 6. Na3 Nb6 7. Qc2 Qd5 8.
Nh4 Qd4 9. Nf3 Qd5 10. Nh4 Qd4 11. Nf3 1/2-1/2

[Event "Duna Kupa (Nõi Nyílt Bajnokság)"]
[Site "Budapest"]
[Date "2015.09.29"]
[Round "7.7"]
[White "Halak, Miklos"]
[Black "Reznak, Attila"]
[Result "0-1"]
[WhiteElo "2253"]
[BlackElo "2340"]
[PlyCount "137"]
[EventDate "2015.09.23"]
[EventType "swiss"]
[EventRounds "9"]
[EventCountry "HUN"]

1. d4 c5 2. dxc5 e6 3. e4 Bxc5 4. c4 Qh4 5. Qc2 Nf6 6. Bd3 Nc6 7. g3 Qh5 8. Qe2
Ne5 9. Be3 Bxe3 10. Qxe3 Nfg4 11. Qe2 Nxd3+ 12. Qxd3 Qc5 13. Qe2 Ne5 14. Nd2
O-O 15. Ngf3 Nxf3+ 16. Nxf3 d5 17. Nd2 Qd4 18. Rb1 b5 19. cxb5 Bb7 20. O-O dxe4
21. Rfd1 e3 22. Qxe3 Qd5 23. f3 Qxa2 24. Ne4 Bxe4 25. Qxe4 Qb3 26. Qd3 Qb4 27.
Rbc1 Rab8 28. Qd4 Qxb5 29. Qxa7 Qe2 30. Qf2 Qxf2+ 31. Kxf2 Rxb2+ 32. Kg1 h5 33.
Rf1 Rd8 34. Rf2 Rxf2 35. Kxf2 Rd2+ 36. Kg1 Kh7 37. Rc4 Kg6 38. h4 e5 39. Kf1
Kf6 40. Rc6+ Kf5 41. Rc7 Ke6 42. Ra7 g6 43. Rb7 f6 44. Rb6+ Rd6 45. Rb5 Ra6 46.
Ke2 Ra2+ 47. Kf1 Kf5 48. Rb8 Ra5 49. Ke2 Ra7 50. Rb6 g5 51. hxg5 fxg5 52. Rh6
e4 53. fxe4+ Kxe4 54. Rxh5 Ra2+ 55. Kf1 Kf3 56. Kg1 Kg4 57. Rh2 Ra1+ 58. Kg2
Ra3 59. Rh8 Ra2+ 60. Kf1 Kxg3 61. Rh7 Ra1+ 62. Ke2 Kg2 63. Rh8 g4 64. Rg8 g3
65. Rg7 Ra6 66. Ke3 Rf6 67. Rg8 Kh2 68. Rh8+ Kg1 69. Kd4 0-1

[Event "Duna Kupa (Nõi Nyílt Bajnokság)"]
[Site "Budapest"]
[Date "2015.09.29"]
[Round "7.8"]
[White "Lyell, Mark"]
[Black "Berta, Sandor"]
[Result "0-1"]
[WhiteElo "2313"]
[BlackElo "2051"]
[PlyCount "98"]
[EventDate "2015.09.23"]
[EventType "swiss"]
[EventRounds "9"]
[EventCountry "HUN"]

1. e4 c6 2. Nc3 g6 3. d4 d5 4. h3 Bg7 5. Nf3 Nh6 6. Bf4 O-O 7. exd5 cxd5 8. Qd2
Nf5 9. g4 Nd6 10. Bh6 Nc6 11. O-O-O b5 12. Bxg7 Kxg7 13. Ne5 Na5 14. h4 f6 15.
h5 g5 16. f4 b4 17. Nxd5 Bb7 18. Bg2 Ndc4 19. Nxc4 Nxc4 20. Qxb4 Bxd5 21. Bxd5
Qxd5 22. Rhe1 Nd6 23. Rxe7+ Rf7 24. Rxf7+ Nxf7 25. b3 gxf4 26. Rf1 Rc8 27. h6+
Kxh6 28. Qd2 Kg7 29. Rxf4 h6 30. Kb2 Re8 31. Qf2 Re6 32. c4 Qa5 33. a3 Ra6 34.
a4 Qb4 35. Ka2 Qc3 36. Rf3 Qc1 37. Qb2 Qd1 38. Qf2 Re6 39. Ka3 Re2 40. Qf1 Re1
41. Qd3 Qc1+ 42. Kb4 Qg5 43. c5 Qd5 44. Re3 Rc1 45. Qe4 Qd7 46. Ka3 a5 47. Kb2
Rd1 48. c6 Qd6 49. Rd3 Qh2+ 0-1

[Event "Duna Kupa (Nõi Nyílt Bajnokság)"]
[Site "Budapest"]
[Date "2015.09.29"]
[Round "7.9"]
[White "Balint, Vilmos"]
[Black "Havanecz, Bianka"]
[Result "1/2-1/2"]
[WhiteElo "2288"]
[BlackElo "2252"]
[PlyCount "187"]
[EventDate "2015.09.23"]
[EventType "swiss"]
[EventRounds "9"]
[EventCountry "HUN"]

1. d4 d5 2. Bf4 Nf6 3. e3 c5 4. Nc3 e6 5. Nb5 Na6 6. c3 Be7 7. dxc5 Bxc5 8. b4
Be7 9. Bd3 O-O 10. a4 Ne8 11. Qh5 g6 12. Qd1 Bf6 13. Nf3 Nac7 14. Ne5 Bg7 15.
h4 Nxb5 16. axb5 Qc7 17. Nc4 e5 18. b6 Qb8 19. Nxe5 Bxe5 20. Rxa7 Bxf4 21. Qa4
Rxa7 22. bxa7 Qa8 23. exf4 Nd6 24. O-O b6 25. Ra1 Bb7 26. f5 Qd8 27. fxg6 fxg6
28. h5 Qh4 29. f3 Qe7 30. Qc2 gxh5 31. Qf2 Qf6 32. Qxb6 Qxc3 33. Rd1 Qc6 34.
Qe3 Rf7 35. Qg5+ Rg7 36. Qd8+ Ne8 37. Re1 Kf8 38. b5 Qc5+ 39. Kf1 Re7 40. Rxe7
Qxe7 41. a8=Q Bxa8 42. Qxa8 Qc5 43. Qa1 d4 44. Qb2 Qb6 45. Qb4+ Nd6 46. Qa4 Qc5
47. Kf2 h4 48. Qa8+ Ke7 49. Qh8 Nxb5 50. Qxh7+ Kd6 51. Qh6+ Kc7 52. Bxb5 d3+
53. Qe3 Qxb5 54. Qe7+ Kc8 55. Ke3 Qb6+ 56. Kxd3 Qg6+ 57. Ke3 Qxg2 58. Qxh4 Qg1+
59. Ke4 Qb1+ 60. Ke5 Qb5+ 61. Kf4 Qb4+ 62. Kg5 Qe7+ 63. Kg4 Qe6+ 64. Kg3 Qe1+
65. Kh3 Qf1+ 66. Kg4 Qg1+ 67. Qg3 Qd1 68. Kh4 Kd8 69. f4 Ke7 70. Qg7+ Ke6 71.
Qg6+ Ke7 72. Qh7+ Kf6 73. Qh8+ Ke7 74. Qe5+ Kf7 75. Qf5+ Kg7 76. Qe4 Qd8+ 77.
Kg4 Qd1+ 78. Kf5 Qh5+ 79. Ke6 Qe8+ 80. Kd5 Qxe4+ 81. Kxe4 Kf6 82. f5 Kf7 83.
Kf3 Kf6 84. Kf4 Kf7 85. Ke5 Ke7 86. f6+ Kf7 87. Kf5 Kf8 88. Kf4 Kf7 89. Ke5 Kf8
90. Kf5 Kf7 91. Kg5 Kf8 92. Kg6 Kg8 93. f7+ Kf8 94. Kf6 1/2-1/2

[Event "Duna Kupa (Nõi Nyílt Bajnokság)"]
[Site "Budapest"]
[Date "2015.09.29"]
[Round "7.10"]
[White "Marosi, Levente"]
[Black "Szalanczy, Emil"]
[Result "1-0"]
[WhiteElo "2212"]
[BlackElo "2280"]
[PlyCount "63"]
[EventDate "2015.09.23"]
[EventType "swiss"]
[EventRounds "9"]
[EventCountry "HUN"]

1. e4 c5 2. Nf3 d6 3. d4 cxd4 4. Nxd4 Nf6 5. Nc3 g6 6. Be3 Bg7 7. f3 Nc6 8. Qd2
O-O 9. Bc4 Bd7 10. O-O-O Rc8 11. Bb3 Ne5 12. Kb1 Re8 13. h4 Qa5 14. h5 Rxc3 15.
bxc3 Nxh5 16. Bh6 Bf6 17. g4 Ng3 18. Rhe1 b5 19. Bf4 Nc4 20. Bxc4 bxc4 21. Bxg3
e5 22. Ne2 Ba4 23. Ka1 Rd8 24. Rh1 Bg7 25. Qd5 Qc7 26. Rb1 Rd7 27. Bh4 h6 28.
Qa8+ Kh7 29. Qe8 f6 30. Rb8 g5 31. Bxg5 fxg5 32. Rxh6+ 1-0

[Event "Duna Kupa (Nõi Nyílt Bajnokság)"]
[Site "Budapest"]
[Date "2015.09.29"]
[Round "7.11"]
[White "Keschitz, Gyorgy"]
[Black "Vegh, Endre"]
[Result "0-1"]
[WhiteElo "2260"]
[BlackElo "2259"]
[PlyCount "114"]
[EventDate "2015.09.23"]
[EventType "swiss"]
[EventRounds "9"]
[EventCountry "HUN"]

1. Nf3 c5 2. g3 g6 3. Bg2 Bg7 4. O-O Nc6 5. d3 e5 6. c4 Nge7 7. Nc3 O-O 8. Ne1
d6 9. Nc2 Be6 10. Ne3 Qd7 11. Ned5 f5 12. Bg5 Rf7 13. Rb1 Raf8 14. Bxe7 Nxe7
15. Nxe7+ Qxe7 16. Bd5 e4 17. dxe4 Bxc3 18. bxc3 Bxd5 19. exd5 f4 20. Qd3 Re8
21. Rb2 b6 22. f3 Qg5 23. Qd2 Re3 24. Kh1 Rfe7 25. Rg1 fxg3 26. hxg3 Qe5 27.
Rg2 Qxc3 28. Qxc3 Rxc3 29. Rb3 Rxc4 30. e4 g5 31. g4 Kg7 32. Kh2 Rc1 33. Kg3 c4
34. Rbb2 Rc7 35. Rgc2 Rxc2 36. Rxc2 Kf6 37. Kf2 b5 38. Ke3 Ke5 39. Rh2 b4 40.
Rh6 Re7 41. Rh5 b3 42. Rxg5+ Kf6 43. Rf5+ Kg6 44. axb3 cxb3 45. Kd2 Rb7 46. Kc1
a5 47. Rf8 a4 48. Ra8 Rb4 49. Ra6 Kg5 50. Rxd6 b2+ 51. Kb1 a3 52. Ra6 Rb3 53.
d6 Rc3 54. Rxa3 Rxa3 55. e5 Rd3 56. Kxb2 Kf4 57. Kc2 Rd5 0-1

[Event "Duna Kupa (Nõi Nyílt Bajnokság)"]
[Site "Budapest"]
[Date "2015.09.29"]
[Round "7.12"]
[White "Boguszlavszkij, Jevgenyij"]
[Black "Bodrogi, Mihaly"]
[Result "1-0"]
[WhiteElo "2204"]
[BlackElo "2044"]
[PlyCount "99"]
[EventDate "2015.09.23"]
[EventType "swiss"]
[EventRounds "9"]
[EventCountry "HUN"]

1. g3 c5 2. Bg2 Nc6 3. e4 g6 4. d3 Bg7 5. Nf3 Nf6 6. O-O O-O 7. Re1 d6 8. c3
Bd7 9. Nbd2 b5 10. e5 dxe5 11. Nb3 c4 12. dxc4 e4 13. cxb5 exf3 14. bxc6 Bxc6
15. Bxf3 Qxd1 16. Bxd1 e6 17. Nd4 Bd5 18. Bb3 Bb7 19. Bc2 Nd5 20. Rb1 Rfc8 21.
Bb3 Ba6 22. Bd2 Rc7 23. Rbd1 Rac8 24. Bg5 Rb7 25. Bc1 Bc4 26. Bxc4 Rxc4 27. Nc2
Rc8 28. Rd3 Bf6 29. Ne3 Nb6 30. Ng4 Bg7 31. Red1 h5 32. Rd8+ Rxd8 33. Rxd8+ Kh7
34. Ne3 Na4 35. Nd1 Nb6 36. Kf1 Nd5 37. Ke2 Bf6 38. Rc8 h4 39. Rc4 hxg3 40.
hxg3 Nb6 41. Rb4 Be7 42. Rb5 Rd7 43. Ne3 Kg7 44. Re5 Na4 45. Re4 Nc5 46. Rd4
Rb7 47. Rc4 f5 48. Nd1 Kf7 49. Bf4 g5 50. Bxg5 1-0

[Event "Duna Kupa (Nõi Nyílt Bajnokság)"]
[Site "Budapest"]
[Date "2015.09.29"]
[Round "7.13"]
[White "Dudas, Eszter"]
[Black "Juhasz, Barbara"]
[Result "1/2-1/2"]
[WhiteElo "2145"]
[BlackElo "2175"]
[PlyCount "67"]
[EventDate "2015.09.23"]
[EventType "swiss"]
[EventRounds "9"]
[EventCountry "HUN"]

1. e4 e5 2. Nf3 Nc6 3. d4 exd4 4. Nxd4 Bc5 5. Nb3 Bb6 6. Nc3 Nge7 7. Qe2 d6 8.
Be3 O-O 9. O-O-O f5 10. f4 fxe4 11. g3 Nf5 12. Bxb6 axb6 13. Bg2 Nh6 14. Bxe4
Bg4 15. Qc4+ Kh8 16. Rde1 Qd7 17. a3 Bf5 18. Bxf5 Rxf5 19. Qe6 Qxe6 20. Rxe6
Ng4 21. h3 Nf6 22. Ne2 Nd7 23. Ned4 Nc5 24. Nxf5 Nxe6 25. Re1 g6 26. Rxe6 gxf5
27. Kd2 Rg8 28. Re3 h5 29. Ke2 Kg7 30. Kf3 Kf6 31. Re1 Ra8 32. Re3 Rg8 33. Re1
Ra8 34. Re3 {Ke5 Ke4+} 1/2-1/2

[Event "Duna Kupa (Nõi Nyílt Bajnokság)"]
[Site "Budapest"]
[Date "2015.09.29"]
[Round "7.14"]
[White "Laza, Szabolcs"]
[Black "Goczo, Melinda"]
[Result "1/2-1/2"]
[WhiteElo "2150"]
[BlackElo "2280"]
[PlyCount "56"]
[EventDate "2015.09.23"]
[EventType "swiss"]
[EventRounds "9"]
[EventCountry "HUN"]

1. d4 Nf6 2. c4 e6 3. Nf3 b6 4. e3 Bb7 5. Bd3 Be7 6. O-O O-O 7. b3 c5 8. Bb2
cxd4 9. exd4 d5 10. Nbd2 Nc6 11. Rc1 Rc8 12. Ne5 dxc4 13. Nxc6 Bxc6 14. bxc4
Qd7 15. Qe2 Qb7 16. d5 Bd7 17. Ne4 Nxe4 18. Qxe4 f5 19. Qe2 Rce8 20. dxe6 Bc5
21. Qe5 Bxe6 22. Rfe1 Qf7 23. Be2 Re7 24. Qc3 Rfe8 25. Bh5 Qxh5 26. Rxe6 Qg5
27. Rxe7 Qxe7 28. h3 Qg5 1/2-1/2

[Event "Duna Kupa (Nõi Nyílt Bajnokság)"]
[Site "Budapest"]
[Date "2015.09.29"]
[Round "7.15"]
[White "Vargyas, Zoltan"]
[Black "Terbe, Julianna"]
[Result "1/2-1/2"]
[WhiteElo "2094"]
[BlackElo "2233"]
[PlyCount "42"]
[EventDate "2015.09.23"]
[EventType "swiss"]
[EventRounds "9"]
[EventCountry "HUN"]

1. e4 c5 2. Nf3 Nc6 3. Bb5 g6 4. O-O Bg7 5. Re1 Nf6 6. e5 Nd5 7. Nc3 Nc7 8.
Bxc6 dxc6 9. Ne4 Ne6 10. d3 O-O 11. Be3 b6 12. a4 a5 13. Qd2 Nd4 14. Nxd4 cxd4
15. Bh6 Qd5 16. Bxg7 Kxg7 17. Qg5 Qe6 18. Ng3 h6 19. Qh4 c5 20. f4 Ra7 21. h3
Qd5 1/2-1/2

[Event "Duna Kupa (Nõi Nyílt Bajnokság)"]
[Site "Budapest"]
[Date "2015.09.29"]
[Round "7.16"]
[White "Rezsek, Gyozo"]
[Black "Jamrich, Gyorgy"]
[Result "0-1"]
[WhiteElo "2015"]
[BlackElo "2207"]
[PlyCount "90"]
[EventDate "2015.09.23"]
[EventType "swiss"]
[EventRounds "9"]
[EventCountry "HUN"]

1. e4 d5 2. exd5 Qxd5 3. Nc3 Qa5 4. Bc4 Nf6 5. d3 c6 6. Bd2 Qc7 7. Nf3 Bf5 8.
Qe2 e6 9. h3 Nbd7 10. a4 Bd6 11. O-O O-O 12. Rfe1 Nd5 13. Ne4 Bf4 14. Nh4 Rfe8
15. Ng3 Bg6 16. Nxg6 hxg6 17. Bxf4 Qxf4 18. Ne4 b6 19. g3 Qc7 20. Kg2 a6 21.
Ng5 N7f6 22. d4 b5 23. Bd3 Nb6 24. b3 bxa4 25. bxa4 a5 26. Qe5 Qe7 27. Ne4 Nbd5
28. c4 Nb4 29. Bf1 Nc2 30. Nd6 Red8 31. c5 Nxa1 32. Rxa1 Ne8 33. Nc4 Qf6 34.
Nb6 Ra7 35. Be2 Nc7 36. Bf3 Rxd4 37. Qxf6 gxf6 38. Bxc6 Na6 39. Rc1 Rc7 40. Bb5
Rxc5 41. Re1 Nc7 42. Nd7 Rxb5 43. Nxf6+ Kg7 44. axb5 Kxf6 45. b6 Na6 0-1

[Event "Duna Kupa (Nõi Nyílt Bajnokság)"]
[Site "Budapest"]
[Date "2015.09.29"]
[Round "7.17"]
[White "Erdos, Boglarka"]
[Black "Piroska, Istvan"]
[Result "1/2-1/2"]
[WhiteElo "2186"]
[BlackElo "2065"]
[PlyCount "87"]
[EventDate "2015.09.23"]
[EventType "swiss"]
[EventRounds "9"]
[EventCountry "HUN"]

1. Nf3 d5 2. g3 Nf6 3. Bg2 e6 4. O-O c5 5. c4 d4 6. e3 Nc6 7. exd4 cxd4 8. d3
Bd6 9. Bg5 h6 10. Bxf6 Qxf6 11. Nbd2 O-O 12. a3 a5 13. Re1 e5 14. Ne4 Qd8 15.
Nxd6 Qxd6 16. Nd2 Bf5 17. Ne4 Bxe4 18. Bxe4 a4 19. Qh5 Na5 20. Bd5 Rae8 21. f4
Qc7 22. fxe5 Nb3 23. e6 fxe6 24. Rxe6 Rxe6 25. Bxe6+ Kh7 26. Re1 g6 27. Qg4 Qa5
28. Rf1 Rxf1+ 29. Kxf1 Qe5 30. Bd5 Nc5 31. Qc8 Qf5+ 32. Qxf5 gxf5 33. Ke2 Kg6
34. h3 Kf6 35. Bg2 Kg5 36. Bf1 f4 37. Kf3 fxg3 38. Kxg3 Nb3 39. Be2 b6 40. Bf3
Nc1 41. h4+ Kf5 42. Be4+ Ke5 43. Kg4 Ne2 44. Kf3 1/2-1/2

[Event "Duna Kupa (Nõi Nyílt Bajnokság)"]
[Site "Budapest"]
[Date "2015.09.29"]
[Round "7.18"]
[White "Heyl, Thomas"]
[Black "Polyik, Peter"]
[Result "1/2-1/2"]
[WhiteElo "1975"]
[BlackElo "2178"]
[PlyCount "26"]
[EventDate "2015.09.23"]
[EventType "swiss"]
[EventRounds "9"]
[EventCountry "HUN"]

1. c4 e5 2. g3 c6 3. Bg2 d5 4. Nf3 e4 5. Ng1 Nf6 6. cxd5 cxd5 7. d3 exd3 8.
Qxd3 Nc6 9. Nf3 Bc5 10. O-O O-O 11. Bg5 h6 12. Bxf6 Qxf6 13. Nc3 Nb4 1/2-1/2

[Event "Duna Kupa (Nõi Nyílt Bajnokság)"]
[Site "Budapest"]
[Date "2015.09.29"]
[Round "7.19"]
[White "Marta, Dominik"]
[Black "Terbe, Zsuzsanna"]
[Result "1-0"]
[WhiteElo "2009"]
[BlackElo "2087"]
[PlyCount "61"]
[EventDate "2015.09.23"]
[EventType "swiss"]
[EventRounds "9"]
[EventCountry "HUN"]

1. Nf3 d5 2. g3 Nf6 3. Bg2 c6 4. O-O Bg4 5. Ne5 Bf5 6. d3 Qc7 7. Bf4 Nh5 8. e4
Nxf4 9. gxf4 Be6 10. exd5 Bxd5 11. Bxd5 cxd5 12. c4 d4 13. Na3 Nc6 14. Qa4 Rc8
15. Nb5 Qb6 16. c5 Qa6 17. Qc4 Nxe5 18. fxe5 Qg6+ 19. Kh1 Qc6+ 20. f3 Qxc5 21.
Qa4 Kd8 22. Rac1 Qxc1 23. Qxd4+ Ke8 24. Rxc1 Rxc1+ 25. Kg2 a6 26. Nc3 h5 27.
Qc4 e6 28. Qc8+ Ke7 29. Qxb7+ Ke8 30. Ne4 Be7 31. Nd6+ 1-0

[Event "Duna Kupa (Nõi Nyílt Bajnokság)"]
[Site "Budapest"]
[Date "2015.09.29"]
[Round "7.20"]
[White "Fodor, Balazs"]
[Black "Csapo, Zoltan"]
[Result "1-0"]
[WhiteElo "2057"]
[BlackElo "2005"]
[PlyCount "53"]
[EventDate "2015.09.23"]
[EventType "swiss"]
[EventRounds "9"]
[EventCountry "HUN"]

1. d4 Nf6 2. c4 g6 3. Nc3 d5 4. Bf4 Bg7 5. e3 c5 6. dxc5 Be6 7. Qa4+ Bd7 8. Qb3
dxc4 9. Bxc4 O-O 10. Nf3 Bc6 11. Ne5 Qe8 12. O-O Na6 13. Qa3 Ne4 14. Nxe4 Bxe4
15. Bxa6 bxa6 16. Qxa6 Qc8 17. Qc4 Bb7 18. b4 e6 19. a4 Bd5 20. Qc2 f6 21. Nc4
e5 22. Nd6 Qe6 23. Bg3 f5 24. e4 Bb3 25. Qd3 f4 26. Rfb1 fxg3 27. hxg3 1-0

[Event "Duna Kupa (Nõi Nyílt Bajnokság)"]
[Site "Budapest"]
[Date "2015.09.29"]
[Round "7.21"]
[White "Toth-Katona, Tamas"]
[Black "Karacsonyi, Gellert"]
[Result "1/2-1/2"]
[WhiteElo "1979"]
[BlackElo "2055"]
[PlyCount "69"]
[EventDate "2015.09.23"]
[EventType "swiss"]
[EventRounds "9"]
[EventCountry "HUN"]

1. e4 e6 2. d3 d5 3. Nd2 Nf6 4. Ngf3 Nc6 5. g3 e5 6. exd5 Nxd5 7. Bg2 Bg4 8. h3
Bh5 9. O-O Be7 10. Nc4 f6 11. Ne3 Bf7 12. a3 a5 13. d4 O-O 14. Nf5 exd4 15.
Nxe7+ Ndxe7 16. Bf4 Ng6 17. Qd2 Nxf4 18. Qxf4 Bg6 19. c3 dxc3 20. bxc3 Qe7 21.
Rfe1 Qf7 22. Rad1 Rad8 23. Nd4 Nxd4 24. Rxd4 Rxd4 25. Qxd4 c6 26. Bf1 b5 27.
Qb6 f5 28. Qxc6 f4 29. g4 Qb3 30. Bxb5 Qxa3 31. Bc4+ Kh8 32. Bd5 Rf6 33. Qa8+
Rf8 34. Qc6 Rf6 35. Qa8+ 1/2-1/2